| 000 | 00945nam a2200229Ia 4500 | ||
|---|---|---|---|
| 005 | 20250108124852.0 | ||
| 008 | 008 250107s9999 xx 000 0 hin d | ||
| 020 | _a81-903654-3-6 | ||
| 037 | _aTB | ||
| 040 |
_aCRL _bhin _cCRL |
||
| 041 |
_ahin _2hin |
||
| 084 | _aΔ2 152N2 | ||
| 084 | _qCRL | ||
| 100 |
_aकाम्बूसैनी, कर्ण सिंह, ले. _9729989 |
||
| 245 | 0 |
_aशूरसैनी जाटों यदुवंशियों की बलिदानी राज्य स्थपना की जिन्होंने ठानी !! _cकाम्बूसैनी, कर्ण सिंह, ले. |
|
| 260 |
_aरूड़की, भारत _bदुर्गा प्रिंटिग प्रैस _c2507 |
||
| 300 | _a199पृ0 | ||
| 365 |
_aINR _b200 |
||
| 650 | _aसमाजशास्त्र | ||
| 942 |
_cTB _hΔ2 152N2 |
||
| 999 |
_c1234895 _d1234895 |
||